Statistics for Countries with NO Military

Click here to take the quiz!

General Stats

  • This quiz has been taken 43,378 times
    (42,945 since last reset)
  • The average score is 13 of 21

Answer Stats

PopulationCountry% Correct
1,000Vatican City
89%
39,000Monaco
77%
77,000Andorra
76%
38,000Liechtenstein
76%
12,000Tuvalu
71%
11,000Nauru
70%
59,000Marshall Islands
68%
18,000Palau
68%
303,000Vanuatu
68%
198,000Samoa
67%
677,000Solomon Islands
66%
105,000F. S. Micronesia
65%
118,000Kiribati
64%
183,000St. Lucia
62%
111,000St. Vincent and the
Grenadines
61%
340,000Iceland
60%
112,000Grenada
55%
72,000Dominica
50%
5,067,000Costa Rica
49%
1,271,000Mauritius
46%
4,275,000Panama
35%

Score Distribution

Percentile by Number Answered

Percent of People with Each Score

Your Score History

You have not taken this quiz since the last reset